Most Streamed Black Eyed Peas Songs - Statistics

General Stats
  • This quiz has been taken 66 times
  • The average score is 9 of 20
Answer Stats
# Streams Answer % Correct
1 1,792,498,006 I Gotta Feeling
90%
9 472,275,162 Boom Boom Pow
71%
2 1,214,978,662 Where Is The Love?
69%
4 898,952,193 Pump It
65%
15 236,574,634 Rock That Body
63%
5 848,855,809 Meet Me Halfway
60%
10 470,524,794 My Humps
58%
12 353,886,615 Let's Get It Started
54%
14 271,017,463 Imma Be
48%
11 354,790,291 The Time (Dirty Bit)
48%
6 711,682,217 Just Can't Get Enough
42%
3 1,033,921,249 RITMO (Bad Boys For Life)
35%
16 217,215,506 Shut Up
33%
7 603,788,519 GIRL LIKE ME
31%
17 163,673,447 Don't Phunk With My Heart
23%
20 123,691,297 Don't Stop The Party
19%
8 554,762,176 MAMACITA
19%
13 341,037,118 DON'T YOU WORRY
17%
19 124,898,314 Don't Lie
13%
18 130,873,717 Pump It Louder
4%
No matching quizzes found
Score Distribution
Percent of People with Each Score
Percentile by Number Answered
Your Score History
You have not taken this quiz